| 000 | 00574nam a2200205Ia 4500 | ||
|---|---|---|---|
| 003 | LDD | ||
| 008 | 181029s9999 xx 000 0 und d | ||
| 020 |
_a761970568 _cP 19.99 |
||
| 040 | _cLDD | ||
| 100 | _aMorrison, Ken | ||
| 245 | 0 |
_aMarx, Durkheim weberze _bformations of modern social thought _cKen Morrison |
|
| 250 | _aSecond Edition | ||
| 260 |
_aLondon _bSage _c2006 |
||
| 300 | _axiii, 465p | ||
| 365 | _bP 19.99 | ||
| 901 |
_a3842 _b12-02-2007 |
||
| 902 |
_aG-941/06-07 _b08-03-2007 _cF _dMPD _e31 |
||
| 903 |
_aDiscount-10 _bReqst by : T. Kapur |
||
| 942 |
_2ddc _cBK |
||
| 999 |
_c78303 _d78303 |
||